000 00993cab a2200277 4500
001 ABS53476
008 090401t1995 xxu||||| |||| 00| 0 eng d
035 _a(Sirsi) u4535
041 _aeng
100 _aBurton, I.
245 _aOnly tweaking the rules on enforcement regieme
260 _c1995
350 _a0
490 _aPlanning (for the Natural and Built Environment)
_v(1132) 18 August 1995, 8(1)
520 _aReports on the recent DoE review of the effectivness of the powers of local authorities to tackle breaches in planning control. The report `Evaluation of Planning Enforcement Provisions` avialable from HMSO.
650 _aARUP ECONOMICS AND PLANNING
650 _aDEPARTMENT OF THE ENVIRONMENT
650 _aENFORCEMENT NOTICES
650 _aLOCAL AUTHORITIES
650 _aPLANNING AND COMPENSATION ACT 1991
650 _aPLANNING CONTROLS
650 _aPLANNING ENFORCEMENT
690 _aPLANNING LAW AND PRACTICE
942 _n0
948 _c04/03/1997
999 _c2737
_d2737